5HLuxD.jpg

KING HENRY VIII SENIOR AND PRIMARY SCHOOL LIBRARY OPAC

Aunts and uncles (Record no. 1047)

000 -LEADER
fixed length control field 01146cam a22003134a 4500
001 - CONTROL NUMBER
control field 16203490
003 - CONTROL NUMBER IDENTIFIER
control field OSt
005 - DATE AND TIME OF LATEST TRANSACTION
control field 20200521151008.0
008 - FIXED-LENGTH DATA ELEMENTS--GENERAL INFORMATION
fixed length control field 100426s2011 ilua j b 001 0 eng
010 ## - LIBRARY OF CONGRESS CONTROL NUMBER
LC control number 2010016998
020 ## - INTERNATIONAL STANDARD BOOK NUMBER
International Standard Book Number 9781432946692 (pb)
040 ## - CATALOGING SOURCE
Original cataloging agency DLC
Transcribing agency DLC
Modifying agency DLC
050 10 - LIBRARY OF CONGRESS CALL NUMBER
Classification number HQ759.94
Item number .R57 2011
082 00 - DEWEY DECIMAL CLASSIFICATION NUMBER
Classification number 306.87 RIS
Edition number 22
100 1# - MAIN ENTRY--PERSONAL NAME
Personal name Rissman, Rebecca.
245 10 - TITLE STATEMENT
Title Aunts and uncles
Statement of responsibility, etc. Rebecca Rissman.
260 ## - PUBLICATION, DISTRIBUTION, ETC.
Place of publication, distribution, etc. Chicago, Ill. :
Name of publisher, distributor, etc. Heinemann Library,
Date of publication, distribution, etc. c2011.
300 ## - PHYSICAL DESCRIPTION
Extent 24 p. :
Other physical details col. ill. ;
Dimensions 17 x 21 cm.
490 0# - SERIES STATEMENT
Series statement Families
504 ## - BIBLIOGRAPHY, ETC. NOTE
Bibliography, etc. note Includes bibliographical references and index.
505 0# - FORMATTED CONTENTS NOTE
Formatted contents note What is a family? -- What are families like? -- Who are uncles and aunts? -- Different uncles and aunts -- Family tree.
520 ## - SUMMARY, ETC.
Summary, etc. Explains what a family focussing on Aunts and Uncles.
650 #0 - SUBJECT ADDED ENTRY--TOPICAL TERM
Topical term or geographic name entry element Aunts
Form subdivision Juvenile literature.
650 #0 - SUBJECT ADDED ENTRY--TOPICAL TERM
Topical term or geographic name entry element Uncles
Form subdivision Juvenile literature.
650 #0 - SUBJECT ADDED ENTRY--TOPICAL TERM
Topical term or geographic name entry element Families
Form subdivision Juvenile literature.
906 ## - LOCAL DATA ELEMENT F, LDF (RLIN)
a 7
b cbc
c orignew
d 1
e ecip
f 20
g y-gencatlg
942 ## - ADDED ENTRY ELEMENTS (KOHA)
Source of classification or shelving scheme
Koha item type Books - Non Ficton

No items available.

Powered By KH8 IT Dept